Lieux imaginaires dans les Aventures de Tintin - Clic - Statistiques

Statistiques générales
  • Ce quiz a été pris 147 fois
  • Le résultat moyen est 11 sur 20
Statistiques - réponses
Hint Réponse % Correct
Royaume situé en Inde dans Les Cigares du pharaon. Rawajpoutalah
90%
Grand port situé sur la côte marocaine dans Le Crabe aux pinces d'or. Bagghar
69%
Village de Belgique situé à proximité de Bruxelles, où se trouve la boucherie Sanzot. Moulinsart
69%
Capitale de la Syldavie. Klow
67%
Village côtier du nord de l'Écosse, au large duquel se situe L'Île Noire. Kiltoch
65%
Île volcanique d'Indonésie dans Vol 714 pour Sydney. Pulau Pulau Bompa
65%
Site archéologique du San Theodoros dans Tintin et les Picaros, qui abrite une pyramide « paztèque ». Trenxcoatl
65%
Hôtel où le général Alcazar prétend être descendu dans Coke en stock. Bristol
63%
Capitale du Nuevo Rico, dans L'Oreille cassée. Sanfacion
61%
Capitale du Khemed. Wadesdah
61%
Station de sports d'hiver de Haute-Savoie, où Tintin, le capitaine Haddock et le professeur Tournesol passent leurs vacances dans Tintin au Tibet. Vargèse
59%
Localité de Belgique où réside le professeur Hippolyte Bergamotte dans Les 7 boules de cristal. Palissy
55%
Petite ville du Far-West, située à deux jours en train de Chicago. Redskincity
55%
Village africain du Congo belge dans Tintin au Congo. Kalabelou
53%
Capitale de la Bordurie, où Tintin et le capitaine Haddock se rendent dans L'Affaire Tournesol. Szohod
51%
Ville du Sussex, dans le sud de l'Angleterre, où un avion sans immatriculation s'écrase dans L'Île noire. Eastdown
47%
Ville du Pérou, où vit Zorrino dans Le Temple du soleil. Jauga
33%
Lac artificiel situé sur la frontière entre la Syldavie et la Bordurie, dans Tintin et le lac aux requins. Flechizzaf
29%
Localité syldave dont le nom est visible sur un panneau routier dans Objectif Lune. Tesznik
27%
Ville d'Arabie, dans Les Cigares du Pharaon. Yabbecca
20%
Aucun quiz correspondant
Distribution des résultats
% des personnes avec chaque résultat
Percentile par nombre de réponses
Votre historique - résultats
Vous n’avez pas pris ce quiz